<?xml version="1.0" encoding="UTF-8"?>
<record
    xmlns:xsi="http://www.w3.org/2001/XMLSchema-instance"
    xsi:schemaLocation="http://www.loc.gov/MARC21/slim http://www.loc.gov/standards/marcxml/schema/MARC21slim.xsd"
    xmlns="http://www.loc.gov/MARC21/slim">

  <leader>00644nam a2200205Ia 4500</leader>
  <controlfield tag="003">IN-BaIIA</controlfield>
  <controlfield tag="008">211028s9999    xx            000 0 eng d</controlfield>
  <datafield tag="020" ind1=" " ind2=" ">
    <subfield code="a">978-3-319-10992-3</subfield>
  </datafield>
  <datafield tag="040" ind1=" " ind2=" ">
    <subfield code="c">IIA Library</subfield>
  </datafield>
  <datafield tag="080" ind1=" " ind2=" ">
    <subfield code="a">524.3-52(082.1)</subfield>
    <subfield code="b">AST</subfield>
  </datafield>
  <datafield tag="100" ind1=" " ind2=" ">
    <subfield code="a">Miglio, Andrea</subfield>
    <subfield code="9">36583</subfield>
  </datafield>
  <datafield tag="245" ind1=" " ind2="0">
    <subfield code="a">Asteroseismology of stellar populations in the milky way</subfield>
    <subfield code="c">Andrea Miglio                                              </subfield>
  </datafield>
  <datafield tag="260" ind1=" " ind2=" ">
    <subfield code="a">Cham</subfield>
    <subfield code="b">Springer</subfield>
    <subfield code="c">2015</subfield>
  </datafield>
  <datafield tag="300" ind1=" " ind2=" ">
    <subfield code="a">xiii, 185p.</subfield>
  </datafield>
  <datafield tag="650" ind1=" " ind2=" ">
    <subfield code="a">Astroseismology</subfield>
    <subfield code="9">36584</subfield>
  </datafield>
  <datafield tag="650" ind1=" " ind2=" ">
    <subfield code="a">Deep space - milky way</subfield>
    <subfield code="9">4749</subfield>
  </datafield>
  <datafield tag="650" ind1=" " ind2=" ">
    <subfield code="a">Milky way</subfield>
    <subfield code="9">6712</subfield>
  </datafield>
  <datafield tag="650" ind1=" " ind2=" ">
    <subfield code="a">Stellar oscillations</subfield>
    <subfield code="9">11440</subfield>
  </datafield>
  <datafield tag="942" ind1=" " ind2=" ">
    <subfield code="c">BK</subfield>
  </datafield>
  <datafield tag="999" ind1=" " ind2=" ">
    <subfield code="c">19162</subfield>
    <subfield code="d">19162</subfield>
  </datafield>
  <datafield tag="952" ind1=" " ind2=" ">
    <subfield code="0">0</subfield>
    <subfield code="1">0</subfield>
    <subfield code="4">0</subfield>
    <subfield code="7">0</subfield>
    <subfield code="a">BAN</subfield>
    <subfield code="b">BAN</subfield>
    <subfield code="c">GEN</subfield>
    <subfield code="d">2016-02-11</subfield>
    <subfield code="e">EDS   </subfield>
    <subfield code="g">1519.00</subfield>
    <subfield code="l">1</subfield>
    <subfield code="o">524.3-52(082.1)/ AST</subfield>
    <subfield code="p">20084</subfield>
    <subfield code="r">2024-05-07</subfield>
    <subfield code="s">2024-02-29</subfield>
    <subfield code="v">1519.00</subfield>
    <subfield code="w">2016-02-11</subfield>
    <subfield code="y">BK</subfield>
    <subfield code="G">Rs. 1519.00  </subfield>
  </datafield>
</record>
